000 00665nam a2200277Ia 4500
005 20260324133946.0
008 008 260324s9999 xx 000 0 eng d
020 _a9780203048764
037 _aEBOOK
040 _aCRL
040 _beng
040 _cCRL
041 _2eng
041 _aeng
084 _qCRL
100 _aWilliam Jeynes
_9974415
245 0 _aDivorce, Family Structure, and the Academic Success of Children
260 _bTaylor and Francis
260 _c2002
365 _a
365 _b230
856 _uhttp://www.taylorfrancis.com/books/9780203048764
942 _cEBOOK
999 _c1794623
_d1794623